Music Quiz

Random Music or Song Quiz

Song Lyrics Picture Click Quiz Stats

 Plays Quiz Updated Aug 22, 2018

Score 0/20 Timer 05:00
0 Plays Today
% Correct
phone
93.4%
girl
92.1%
scream
88.6%
pickup truck
86.5%
no-smoking sign
81%
rising sun
80.9%
waterfall
78%
spaghetti
77.9%
wave
74.9%
Radiohead
74.5%
% Correct
ballet
74.3%
Siamese cat
72%
jukebox
67.7%
mountain tops
63.2%
ten people
56.8%
words on cardboard
56.1%
yacht
54.7%
sprinklers
54.3%
pistol smoke
49.8%
wildfire
39.2%

You're not logged in!

Compare scores with friends on all Sporcle quizzes.
OR
Log In

Sporcle TV

Today on Sporcle TV


Watch our educational content, quiz creation guides, and fun videos on Sporcle TV.

Show Comments

Extras

Top Quizzes Today


Score Distribution

Your Account Isn't Verified!

In order to create a playlist on Sporcle, you need to verify the email address you used during registration. Go to your Sporcle Settings to finish the process.

Report this User

Report this user for behavior that violates our Community Guidelines.

Details: